000 00575nam a22001817a 4500
003 UA-OsUOA
001 19781
007 ta
008 20040925b un ||||| |||| 00| 0 ukr d
100 _aДимченко С.
942 _cSA
040 _aUA-OsUOA
_cUA-OsUOA
_dUA-OsUOA
245 _aЛицар диригентського мистецтва
_b[До 60-річчя з дня народж. Богдана Депо]
300 _aС.3
955 _a0
773 0 _w0
_tВісті Рівненщини
_dРівне
_d2004
_g№86/87/17 верес./
650 7 _aДепо Б.
_2UDC
999 _c305954
_d305954